000 00351nam a22001337a 4500
020 _a81-7335-046-9
082 _a000
_bSAH/S
100 _aREETA SAHOO, GAGAN SAHOO
245 _aSARASWATI INTRODUCTORY INFORMATION TECHNOLOGY
_bCLASS IX
260 _aDELHI
_bSARASWATI PUBLICATIONS
_c2008
300 _a316
650 _aIT FOR CLASS IX
_zINDIA
942 _cBK
999 _c934
_d934